The story of narrative preaching : (Record no. 7211)

MARC details
000 -LEADER
fixed length control field 01200cam a2200349 i 4500
001 - CONTROL NUMBER
control field 18765767
003 - CONTROL NUMBER IDENTIFIER
control field GBCCL
005 - DATE AND TIME OF LATEST TRANSACTION
control field 20241126110622.0
008 - FIXED-LENGTH DATA ELEMENTS--GENERAL INFORMATION
fixed length control field 150831s2015 oru b 000 0 eng
010 ## -
-- 2015460865
020 ## - INTERNATIONAL STANDARD BOOK NUMBER
International Standard Book Number 9781620328736 (pbk.)
020 ## - INTERNATIONAL STANDARD BOOK NUMBER
International Standard Book Number 1620328739
040 ## - CATALOGING SOURCE
Original cataloging agency DLC
Language of cataloging eng
Description conventions rda
Transcribing agency DLC
Modifying agency DLC
042 ## -
-- pcc
050 00 -
-- BV4235.S76
-- G73 2015
082 ## - DEWEY DECIMAL CLASSIFICATION NUMBER
Classification number 251
Item number GRA
100 1# - MAIN ENTRY--PERSONAL NAME
Personal name Graves, Mike,
Relator term author.
9 (RLIN) 12778
245 14 - TITLE STATEMENT
Title The story of narrative preaching :
Remainder of title experience and exposition : a narrative /
Statement of responsibility, etc. Mike Graves.
264 #1 - PRODUCTION, PUBLICATION, DISTRIBUTION, MANUFACTURE, AND COPYRIGHT NOTICE
Place of production, publication, distribution, manufacture Eugene, Oregon :
Name of producer, publisher, distributor, manufacturer Cascade Books,
Date of production, publication, distribution, manufacture, or copyright notice [2015]
300 ## - PHYSICAL DESCRIPTION
Extent ix, 234 pages ;
Dimensions 23 cm
336 ## - CONTENT TYPE
Content type term text
Content type code txt
Source rdacontent
337 ## - MEDIA TYPE
Media type term unmediated
Media type code n
Source rdamedia
338 ## - CARRIER TYPE
Carrier type term volume
Carrier type code nc
Source rdacarrier
504 ## - BIBLIOGRAPHY, ETC. NOTE
Bibliography, etc. note Includes bibliographical references (pages 231-234).
650 #0 - SUBJECT ADDED ENTRY--TOPICAL TERM
Topical term or geographic name entry element Narrative preaching.
9 (RLIN) 1429
650 #0 - SUBJECT ADDED ENTRY--TOPICAL TERM
Topical term or geographic name entry element Storytelling
General subdivision Religious aspects
-- Christianity.
9 (RLIN) 12779
650 #0 - SUBJECT ADDED ENTRY--TOPICAL TERM
Topical term or geographic name entry element First person narrative.
9 (RLIN) 12780
650 #0 - SUBJECT ADDED ENTRY--TOPICAL TERM
Topical term or geographic name entry element Story sermons.
9 (RLIN) 6396
906 ## - LOCAL DATA ELEMENT F, LDF (RLIN)
a 7
b cbc
c origres
d 2
e ncip
f 20
g y-gencatlg
942 ## - ADDED ENTRY ELEMENTS (KOHA)
Source of classification or shelving scheme Dewey Decimal Classification
Koha item type Books
Holdings
Withdrawn status Lost status Source of classification or shelving scheme Damaged status Not for loan Home library Current Library Shelving location Date acquired Source of acquisition Cost, normal purchase price Total checkouts Full call number Barcode Date last seen Copy number Cost, replacement price Price effective from Koha item type
    Dewey Decimal Classification     GRACE BIBLE COLLEGE GRACE BIBLE COLLEGE Ministry & Mission 2018-07-18 7 490.50   251 GRA 014784 2025-05-01 c.1 545.00 2018-07-18 Books
© Grace Bible College Library 2025